00373cam a22001217a 4500008004000000082001200040100002400052245011000076260002800186300000800214500001200222650001700234180718b1958 xxu||||| |||| 00| 0 eng d aT19 B39 aBedi, Raghubans Dev aTheory, history & practice of co-operation, with co-operation in foreign countriescby Raghubans Dev Bedi aLaddabThe Authorc1958 a246 aRs.7.87 aCo-Operation